000 00921nas a2200301 4500
001 BR0602297
003 BR-BrBNA
005 20231205110025.0
007 ta
008 230509b bl.|||p| |||| 00| 00por d
040 _aBR-BrBNA
_bpor
_cBiblioteca Nacional de Agricultura
041 _a(Pt)
072 _aQ03; Q04
100 1 _aMarques, M.R.H.
100 1 _aMartins, R.P.
100 1 _aCunha Neto, A.
245 1 _aOcorrência de Staphylococcus coagulase positiva em leite e queijo: identificação, perfil enzimático e biotipagem.
650 _aLEITE
650 _aQUEIJO
650 _aANÁLISE MICROBIOLÓGICA
650 _aSTAPHYLOCOCCUS AUREUS
650 _aENZIMA
650 _aPATOGENICIDADE
650 _aCONTAMINAÇÃO
773 0 _tHigiene Alimentar (Brazil)
_xISSN 0101-9171
_g(Apr 2006), v. 20(140) p. 86-93
_wBR0602297
909 _a202311
_bLúcia
_c55
_dLúcia Elande
942 _2AGRIS
_n0
_cANA
999 _c185868
_d185868